000 00292nam a2200121Ia 4500
008 240731s9999 xx 000 0 und d
022 _a2054-9555
245 0 _aGlobal Food History
260 _bRoutledge
856 _uhttps://www.tandfonline.com/loi/rfgf20
942 _2ddc
942 _cTFEJ
999 _c76749
_d76749
945 _a1
_bMadushi Gamage
_c1
_dMadushi Gamage